000001204 001__ 1204 000001204 005__ 20260410141720.0 000001204 0247_ $$2DOI$$a10.6083/M49S1P6W 000001204 037__ $$aETD 000001204 245__ $$aDental arch stability 000001204 269__ $$a1989 000001204 336__ $$aThesis 000001204 502__ $$bCertificate in Orthodontics 000001204 540__ $$fCC BY 000001204 542__ $$fIn copyright - single owner 000001204 650__ $$aDental Arch$$017477 000001204 7001_ $$aLai, Shufang A. 000001204 8564_ $$91caaff2f-cf10-4132-859c-5897633ca5b5$$s3298121$$uhttps://digitalcollections.ohsu.edu/record/1204/files/1886_etd.pdf$$ePublic$$275da0226bfeb88233f35235d1c951c48$$31 000001204 901__ $$a<p>These documents are archival records. They are retained for historical reference only. </p><p><b>Need an accessible version? Use the "Get Accessible Copy" link above.</b></p> 000001204 905__ $$a/rest/prod/tt/44/pn/02/tt44pn02c 000001204 909CO $$ooai:digitalcollections.ohsu.edu:1204$$qstudent-work 000001204 956__ $$aGet Accessible Copy$$uhttps://ohsu.libwizard.com/f/requestaccessibledocument 000001204 980__ $$aTheses and Dissertations